MANAGEMENT OFORGANIZATIONALBEHEVIOR (Record no. 9067)
[ view plain ]
| 000 -LEADER | |
|---|---|
| fixed length control field | 00563nam a22001697a 4500 |
| 003 - CONTROL NUMBER IDENTIFIER | |
| control field | SGT |
| 020 ## - INTERNATIONAL STANDARD BOOK NUMBER | |
| International Standard Book Number | 0876925751 |
| 082 ## - DEWEY DECIMAL CLASSIFICATION NUMBER | |
| Classification number | 658.3,HER |
| 100 ## - MAIN ENTRY--PERSONAL NAME | |
| Personal name | HERSEY, PAUL |
| 245 ## - TITLE STATEMENT | |
| Title | MANAGEMENT OFORGANIZATIONALBEHEVIOR |
| Remainder of title | UTLIZING HUMAN RESOURCES |
| 250 ## - EDITION STATEMENT | |
| Edition statement | 5TH |
| 260 ## - PUBLICATION, DISTRIBUTION, ETC. (IMPRINT) | |
| Place of publication, distribution, etc | NEW DELHI |
| Name of publisher, distributor, etc | PHI |
| Year of Publication | 1988 |
| 300 ## - PAGE DESCRIPTION | |
| No. of Pages | 474 |
| 650 ## - SUBJECT ADDED ENTRY--TOPICAL TERM | |
| Topical term or geographic name as entry element | MANAGEMENT |
| 653 ## - KEYWORDS--INDEX TERM | |
| Keyword term | MANAGEMENT AN APPLIED BEHAVIORAL SCIENCES APPROACH,MOTIVATION AND BEHAVIOR, MOTIVATING ENVIRONMENT, LEADERSHIP TRAIT AND ATTITUDINAL APPROACHES, LEADERSHIP SITUATIONAL APPROACHES |
| 942 ## - ADDED ENTRY ELEMENTS (KOHA) | |
| Source of classification or shelving scheme | Dewey Decimal Classification |
| Koha item type | FCM Books |
| 942 ## - ADDED ENTRY ELEMENTS (KOHA) | |
| -- | 1 |
| Withdrawn status | Lost status | Source of classification or shelving scheme | Damaged status | Not for loan | Collection code | Home library | Current library | Shelving location | Date acquired | Vendor Name | Cost, normal purchase price | SGTU | Total Checkouts | Full call number | Accession No. (Barcode) | Date last seen | Date last borrowed | Bill Date | Koha item type |
|---|---|---|---|---|---|---|---|---|---|---|---|---|---|---|---|---|---|---|---|
| Dewey Decimal Classification | COMMERCE MANAGEMENT | SGT Science & Social Sciences Library | SGT Science & Social Sciences Library | Text Book | 16/06/2016 | GIFT BY DR. DILIP SINGH | 450.00 | SGTU | 2 | 658.3,HER | CM293 | 08/04/2023 | 08/04/2023 | 16/06/2016 | FCM Books |